000 00469nam a2200181Ia 4500
001 8851
005 20260306160640.0
008 260306t2006||||xx |||||||||||||| ||spa||
041 _aESP
082 _a371.42
_bG31
100 _aGavilán, Mirta G.
_eAUT
245 0 _aLa transformación de la orientación vocacional:
_bhacia un nuevo paradigma
260 _c2006
300 _a213 páginas :
_c22 cm.
650 _aGEN
654 _aCED
942 _cLIB
_dJUS
_fJUS
_2ddc
_n
999 _c8851
_d8851